Mangas/Animes/Webtoons Quizz - Very Difficult - Statistiques

Statistiques générales
  • Ce quiz a été pris 108 fois
  • Le résultat moyen est 27 sur 50
Statistiques - réponses
Par images Réponse % Correct
Naruto
95%
Pokemon
95%
One Piece
94%
Shingeki no kyojin
93%
Haikyu
91%
Jujutsu Kaisen
91%
My Hero Academia
91%
Great Teacher Onizuka
90%
Demon Slayer
89%
Dr.Stone
84%
Chainsaw Man
83%
Berserk
81%
Tokyo Revengers
81%
Parasyte
80%
Hajime no ippo
78%
Bleach
77%
Sword Art Online
75%
Mob Psycho 100
72%
Solo Leveling
70%
Gintama
68%
Made in abyss
68%
Kingdom
67%
Erased
64%
Kakegurui
64%
Frieren
63%
Beelzebub
48%
Magi
46%
Tower Of God
46%
Blue Period
44%
AoAshi
43%
Darling in the Franxx
43%
Dororo
40%
The God Of Highschool
40%
Radiant
38%
Samourai Champloo
37%
DanMachi
30%
The Rising Of The Shield Hero
27%
Sk8 the infinity
26%
The Beginning after the end
23%
Ahiru no Sora
21%
Log Horizon
21%
Prisoner Riku
19%
Yowamushi Pedal
17%
Eleceed
15%
Viral Hit
15%
Run with the wind
12%
Plunderer
10%
Gaikotsu Kishi-sama
9%
Surviving the game as a Barbarian
5%
Reality Quest
4%
Aucun quiz correspondant
Distribution des résultats
% des personnes avec chaque résultat
Percentile par nombre de réponses
Votre historique - résultats
Vous n’avez pas pris ce quiz